Państwa, których walutą jest dinar - Statystyki

Ogólne statystyki
  • Ten quiz został rozwiązany 22 razy
    16 od ostatniego zresetowania
  • Średni wynik to 6 z 8
Statystyki odpowiedzi
Państwo % Poprawnych
Algieria
81%
Libia
81%
Bahrajn
75%
Jordania
75%
Tunezja
75%
Kuwejt
69%
Irak
63%
Serbia
56%
Nie znaleziono quizów pasujących do podanych kryteriów
Rozkład punktacji
Procent ludzi z każdym wynikiem
Percentyl według liczby udzielonych odpowiedzi
Twoja historia wyników
Nie rozwiązałeś tego quizu od ostatniego zresetowania